00418nam a22001337a 4500003000400000005001700004008004100021040000800062082000800070245006400078260008500142300001200227650004500239OSt20181109151600.0181109b ||||| |||| 00| 0 eng d cDLC a251 aHomiletics 1:bThe Sermon and Its Preparation /cBy TAFTEE. aINDIA :bTAFTEE- The Association For Theological Education By Extension,cc1977. a229 p.: aHomiletics 1yThe sermon and Preparation